000 02682nam2a22003371 4500
001 v19\rc\1401726
005 20060512125648.3
035 _a(NLR Aleph) 004532004
090 _a1883325
_c1883325
100 _a20060512d1878 |||y0rusy50 ca
101 1 _arus
_cund
102 _aRU
105 _ay z |||||
200 1 _aОт Бэкона до смерти Песталоцци (1561-1827)
_eПер. с 3-го изд., по ред. Н.Х. Весселя
210 _d1878
215 _a[2], IV, 704 с.
311 _aПрил. к Пед. сборнику, изд. при Гл. упр. воен.-учеб. заведений. 1875, кн. 5-8, 11-12; 1876, кн. 1-12; 1877, кн. 1-6
316 _aЭкз. РНБ (П28/560): припл.
_5NLR: П28/560
422 0 _12001#$aПедагогический сборник, издаваемый при Главном управлении военно-учебных заведений$v1875, кн. 5-8, 11-12; 1876, кн. 1-12; 1877, кн. 1-6
_tПедагогический сборник, издаваемый при Главном управлении военно-учебных заведений
461 0 _1001v19\rc\1401724
_12001#$aИстория воспитания и учения от возрождения классицизма до нашего времени$f[Соч.] Карла Раумера$gПер. под ред. Н.Х. Весселя. Ч. [1]-2$vЧ. 2
_1700#1$aРаумер$bК.Г.$f1783-1865$gКарл Георг
_91883302
_aРаумер, К. Г. (1783-1865)
_cСанкт-Петербург
_d1873-1878
_f[Соч.] Карла Раумера
_nтип. В.С. Балашева
_p2 т.
_tИстория воспитания и учения от возрождения классицизма до нашего времени
_vЧ. 2
482 0 _12001#$aПедагогический сборник, издаваемый при Главном управлении военно-учебных заведений$v1875, кн. 5-8, 11-12; 1876, кн. 1-12; 1877, кн. 1-6
_tПедагогический сборник, издаваемый при Главном управлении военно-учебных заведений
702 1 _aВессель
_bН. Х.
_f1834-1906
_gНиколай Христианович
_4340
702 1 _aПесталоцци
_bИ. Г.
_f1746-1827
_gИоганн Генрих
_4570
702 1 _4570
_7ca
_8rus
_aБэкон
_bФ.
_cфилософ
_f1561-1626
_gФрэнсис
_932365
_3RU\NLR\AUTH\7749430
801 0 _aRU
_bNLR
_gpsbo
801 0 _aRU
_bRuMoRGB
_2psbo
801 1 _aRU
_bProSoft-M
_2rusmarc
852 _aNLR
_jП28/560
899 _aНБ СПбГУ
942 _cBOOK
980 _aNB